000
00316nam a22001337a 4500
008
171108b xxu||||| |||| 00| 0 eng d
020
_a
9781557388629
041
_a
eng
080
_2
7TH
_a
330.322
100
_a
64
101
_a
INV
245
_a
INTEREST RATE SPREADS & MARKET ANALYSIS
_c
CITICORP
942
_2
udc
_c
BK
999
_c
38193
_d
38193